| 000 | 01205nam a2200229Ia 4500 | ||
|---|---|---|---|
| 999 |
_c51998 _d51998 |
||
| 001 | 19002 | ||
| 003 | GE_BSU | ||
| 005 | 20220920154505.0 | ||
| 008 | 181216s2008||||ge |||||||||||||| ||geo|| | ||
| 040 | _cGE_BSU | ||
| 041 | _ageo | ||
| 080 | _a81 დ-15 | ||
| 100 |
_aდავითაძე, თ. _910522 |
||
| 245 |
_aფრანგული დეკადანსის პოეზია ქართველ ცისფერყანწელთა შემოქმედებაში : დისერტაცია / _cთ. დავითაძე; ბათუმის შოთა რუსთაველის სახ-ფო უნ-ტი. |
||
| 264 |
_aბათუმი : _bბათუმის შოთა რუსთაველის სახ. უნ-ტი, _c2008. |
||
| 300 |
_a217 გვ. _b 30 სმ. |
||
| 653 | _aდისერტაცია | ||
| 653 | _aლინგვისტიკა | ||
| 653 | _aფრანგული დეკადანსის პოეზია ქართველ ცისფერყანწელთა შემოქმედებაში | ||
| 653 | _aფრანგული ენა | ||
| 942 |
_cBK _2udc |
||